000 00707nam a2200265Ia 4500
005 20260121170019.0
008 008 260114s9999 xx 000 0 eng d
020 _a9783319290225
037 _aEBOOK
040 _aCRL
040 _beng
040 _cCRL
041 _2eng
041 _aeng
084 _qCRL
100 _aRemi Chauvin, Christine Lepetit, Bernard Silvi, Esmail Alikhani
_91058740
245 0 _aApplications of Topological Methods in Molecular Chemistry
260 _bSpringer
260 _bSpringer
260 _c2016
856 _uhttps://link.springer.com/openurl?genre=book&isbn=978-3-319-29022-5
942 _cEBOOK
999 _c1624469
_d1624469